Komunikatívna kompetencia vo vyučovaní slovenského jazyka na školách s vyučovacím jazykom maďarským

Bibliographic Details
Main Author: Varga, Jozef, 1947- (Author)
Format: Article
Language:Slovak
ISSN:1335-5589
Subjects:

MARC

LEADER 00000nab a2200000 a 4500
001 vtls001561236
003 SK-MaSNL
005 20260304135329.0
008 250505c2004 xo |r|p|||a |000 b|slo
015 |a SNBRB2005/04 
035 |a (sysno)vtls001561236 
035 |a urn:nbn:sk:snk-ab77cj 
035 |a (uuid)35a280b4-5b89-4898-b860-e4477282c474 
035 |a (urnnbn)urn:nbn:sk:snk:ar-a073bq 
038 |a SPK 
040 |a SNKBUCL  |b slo  |c SNKBUCL  |e AACR2 
041 0 |a slo  |b slo 
044 |a xo  |c SK 
080 |a 376.7  |2 1997 
080 |a 811.511.141  |2 1997 
080 |a 811.162.4  |2 1997 
100 1 |a Varga, Jozef,  |d 1947-  |4 aut  |9 26674 
245 1 0 |a Komunikatívna kompetencia vo vyučovaní slovenského jazyka na školách s vyučovacím jazykom maďarským  |c Jozef Varga 
546 |a Res. slov. 
650 0 7 |a slovenčina  |2 spk  |9 1350 
650 0 7 |a maďarčina  |2 spk  |9 1492 
650 0 7 |a národnostné školstvo  |2 spk  |9 71418 
650 0 7 |a komunikácia  |2 spk  |9 1362 
650 0 7 |a kompetencia  |2 spk  |9 1057542 
773 0 |t Pedagogické spektrum  |g Roč. XlV, č. 1-2 (2005), s. 45-50  |x 1335-5589 
850 |a Slovenská národná knižnica 
852 |a Slovenská národná knižnica 
954 |a odborná, vedecká literatúra pôvodná (slovenská)  |2 lita 
958 |a article27 
958 |a OND 
958 |a EUIPO 
999 |c 2910321  |d 2912251